000 00279nam a22001337a 4500
008 171129b xxu||||| |||| 00| 0 eng d
020 _a9780789444943
041 _aeng
080 _a038
100 _a23
101 _aFJA
245 _aFRENCH DICTIONARY
_cDK
942 _2udc
_cBK
999 _c38604
_d38604